000 00632nam a2200181 i 4500
001 85006
003 ES-MaACL
005 20230906175148.0
007 t|
008 041124s1910 fr ||||1| fre d
100 1 _aJones, F. A.
_966841
245 1 0 _aSoixante ans de la vie de Thomas Alva Edison
_b: ses decouvertes, ses experiences et ses inventions /
_ctraduit de l'anglais de F. A. Jones par Claire Mansbendel.
260 _aParis :
_b[s.n.,
_c1910] (
_eBruxelles :
_fDreesen)
300 _aVIII, 232 p. ;
_c20 cm.
600 1 4 _aEdison, Thomas A.
_9154955
700 1 _aMansbendel, Claire.
_976110
852 _aES-MaACL
_jF-12709
999 _c85006
_d85006